<?xml version="1.0" encoding="UTF-8"?><?xml-stylesheet type="text/xsl" href="static/style.xsl"?><OAI-PMH xmlns="http://www.openarchives.org/OAI/2.0/" xmlns:xsi="http://www.w3.org/2001/XMLSchema-instance" xsi:schemaLocation="http://www.openarchives.org/OAI/2.0/ http://www.openarchives.org/OAI/2.0/OAI-PMH.xsd"><responseDate>2026-04-18T05:56:26Z</responseDate><request verb="GetRecord" identifier="oai:www.recercat.cat:20.500.12327/1328" metadataPrefix="marc">https://recercat.cat/oai/request</request><GetRecord><record><header><identifier>oai:recercat.cat:20.500.12327/1328</identifier><datestamp>2025-10-22T10:54:27Z</datestamp><setSpec>com_2072_4428</setSpec><setSpec>com_2072_4427</setSpec><setSpec>col_2072_487896</setSpec></header><metadata><record xmlns="http://www.loc.gov/MARC21/slim" xmlns:dcterms="http://purl.org/dc/terms/" xmlns:xsi="http://www.w3.org/2001/XMLSchema-instance" xmlns:doc="http://www.lyncode.com/xoai" xsi:schemaLocation="http://www.loc.gov/MARC21/slim http://www.loc.gov/standards/marcxml/schema/MARC21slim.xsd">
   <leader>00925njm 22002777a 4500</leader>
   <datafield ind2=" " ind1=" " tag="042">
      <subfield code="a">dc</subfield>
   </datafield>
   <datafield ind2=" " ind1=" " tag="720">
      <subfield code="a">Escudero-Colomar, Lucía-Adriana</subfield>
      <subfield code="e">author</subfield>
   </datafield>
   <datafield ind2=" " ind1=" " tag="720">
      <subfield code="a">Bosch, Dolors</subfield>
      <subfield code="e">author</subfield>
   </datafield>
   <datafield ind2=" " ind1=" " tag="720">
      <subfield code="a">Martinez Ferrer, Maria Teresa</subfield>
      <subfield code="e">author</subfield>
   </datafield>
   <datafield ind2=" " ind1=" " tag="720">
      <subfield code="a">Campos Rivela, Jose Miguel</subfield>
      <subfield code="e">author</subfield>
   </datafield>
   <datafield ind2=" " ind1=" " tag="720">
      <subfield code="a">Di Masi, Susana</subfield>
      <subfield code="e">author</subfield>
   </datafield>
   <datafield ind2=" " ind1=" " tag="720">
      <subfield code="a">Fiore, Nicola</subfield>
      <subfield code="e">author</subfield>
   </datafield>
   <datafield ind2=" " ind1=" " tag="720">
      <subfield code="a">Duarte, Amílcar Marreiros</subfield>
      <subfield code="e">author</subfield>
   </datafield>
   <datafield ind2=" " ind1=" " tag="720">
      <subfield code="a">Kovaleski, Adalecio</subfield>
      <subfield code="e">author</subfield>
   </datafield>
   <datafield ind2=" " ind1=" " tag="260">
      <subfield code="c">2021</subfield>
   </datafield>
   <datafield ind1="8" ind2=" " tag="024">
      <subfield code="a">Escudero-Colomar, L.A; Bosch-Serra, D.; Martínez-Ferrer, M.T.; Campos, J.M.; di Masi, S.; Fiore, N.; Duarte, A.; Kovaleski, A.; Benazzi, L.; Cichón, L.; Cocco, M.; Garrido, S.; Gastaminza, G.; Kulczycki, C.; Lagos, J.; Mitidieri, M.; Mousques, J. A.; Segade, G.; Sosa A.; Torres-Leal, G.; Vázquez, D.; Botton, M.; Nava, D. E.; Paiva, P.E.B.; Ueno, B.; Valdebenito, R.; Arraztio, D.; Curkovic, T.; Devotto, L.; Molina, J.; Solís, G.; Avilla, J.; BatlleAlemany, A.; Cabrefiga, J.; Fibla, J. M.; Llorens, V.; Plaza, P.; Vilardell, P.; Lucas, C.; Sousa, E.; Buenahora, J.; Perez-Faggiani, E.; Leoni, C.; Maeso-Tozzi, D.; Rubio, L. 2021. Estado actual de la Gestión Integrada de las Plagas y Enfermedades en melocotoneros, perales y cítricos en Argentina, Brasil, Chile, España, Portugal y Uruguay. Programa Iberoamericano de Ciencia y Tecnología para el Desarrollo (CYTED) (192 p.)</subfield>
   </datafield>
   <datafield ind1="8" ind2=" " tag="024">
      <subfield code="a">978-84-09-22086-1</subfield>
   </datafield>
   <datafield ind1="8" ind2=" " tag="024">
      <subfield code="a">http://hdl.handle.net/20.500.12327/1328</subfield>
   </datafield>
   <datafield ind2="0" ind1="0" tag="245">
      <subfield code="a">Estado actual de la Gestión Integrada de las Plagas y Enfermedades en melocotoneros, perales y cítricos en Argentina, Brasil, Chile, España, Portugal y Uruguay</subfield>
   </datafield>
</record></metadata></record></GetRecord></OAI-PMH>